Singapore A to Z - Statistics

General Stats
  • This quiz has been taken 181 times
  • The average score is 17 of 26
Answer Stats
Hint Answer % Correct
Country that invaded Singapore during World War II J Japan
96%
The Hindu festival of lights, celebrated as a national holiday D Deepavali
94%
The national symbol of Singapore, with the head of a lion and the body of a fish M Merlion
93%
Singapore was the first night circuit in this auto racing championship F Formula One
91%
Takes place on 9 August each year N National Day Parade
89%
Commonly acknowledged as Singapore's founding father L Lee Kuan Yew
85%
This performing arts centre is sometimes thought to look like a durian E Esplanade
82%
Singapore has the second highest GDP per capita in Asia, only after this country Q Qatar
82%
Regional organisation of which Singapore was a founding member A Association of Southeast Asian Nations
80%
The country's ruling party since independence P People's Action Party
80%
A popular spicy seafood dish that originates from the island C Chilli Crab
77%
Singapore's first and only UNESCO World Heritage Site B Botanic Garden
76%
The official residence of the President I Istana
76%
The island where most male Singaporeans go for their Basic Military Training T Tekong
72%
The checkpoint at the start of the Johor-Singapore Causeway W Woodlands
72%
A Singlish term of Hokkien origin, referring to a person who is afraid to lose K Kiasu
69%
Singapore's national flower V Vanda Miss Joaquim
67%
This Indonesian prince founded the Kingdom of Singapura in 1299 S Sang Nila Utama
64%
An annual shopping event, where retailers across the country offer significant discounts G Great Singapore Sale
50%
Composer of Singapore's national anthem Z Zubir Said
48%
Blogger and social media influencer, with over 600,000 followers on Instagram X Xiaxue
38%
Cultural park featuring quirky artwork, including a statue of a young woman breastfeeding an old woman H Haw Par Villa
34%
Singapore's main city planning statutory board U Urban Redevelopment Authority
34%
The indigenous peoples of the region O Orang Laut
33%
Singapore hosted the inaugural edition of this international sporting event in 2010 Y Youth Olympic Games
26%
Malay rock musician, known affectionately as "Papa Rock" R Ramli Sarip
17%
No matching quizzes found
Score Distribution
Percent of People with Each Score
Percentile by Number Answered
Your Score History
You have not taken this quiz